Buddha / (Record no. 134771)

MARC details
000 -LEADER
fixed length control field 00587nam a22002177a 4500
005 - DATE AND TIME OF LATEST TRANSACTION
control field 20170124110233.0
010 ## - LIBRARY OF CONGRESS CONTROL NUMBER
LC control number 548527
020 ## - INTERNATIONAL STANDARD BOOK NUMBER
Terms of availability 00.00
035 ## - SYSTEM CONTROL NUMBER
System control number 548527
037 ## - SOURCE OF ACQUISITION
Source of stock number/acquisition Cen Lib/Ret
040 ## - CATALOGING SOURCE
Original cataloging agency DPL
Language of cataloging EN
082 ## - DEWEY DECIMAL CLASSIFICATION NUMBER
Classification number 250
Item number MAC
100 ## - MAIN ENTRY--PERSONAL NAME
Personal name Macquitty, William
9 (RLIN) 41728
245 ## - TITLE STATEMENT
Title Buddha /
Statement of responsibility, etc by William Macquitty
260 ## - PUBLICATION, DISTRIBUTION, ETC. (IMPRINT)
Place of publication, distribution, etc London
Name of publisher, distributor, etc Thomas Nelson and Sons
Date of publication, distribution, etc 1969
270 ## - ADDRESS
Address 36 Park Street
City London
300 ## - PHYSICAL DESCRIPTION
Extent 128p. :
Dimensions 25cm(Hb)
Other physical details col.ill.
650 ## - SUBJECT ADDED ENTRY--TOPICAL TERM
Topical term or geographic name as entry element Gautama Buddha
9 (RLIN) 41729
650 ## - SUBJECT ADDED ENTRY--TOPICAL TERM
Topical term or geographic name as entry element Gods of Hindus
9 (RLIN) 41730
942 ## - ADDED ENTRY ELEMENTS (KOHA)
Source of classification or shelving scheme Dewey Decimal Classification
Koha item type English Books
Classification part 250
Call number suffix MAC
Holdings
Withdrawn status Lost status Damaged status Not for loan Collection code Home library Current library Date acquired Source of acquisition Cost, normal purchase price Total Checkouts Full call number Barcode Date last seen Copy number Cost, replacement price Price effective from Koha item type
      Not For Loan Reference Central Library Central Library 31/07/2015 Cen Lib/Ret 0.00   250 MAC 548527 31/07/2015 1 0.00 31/07/2015 English Books

© Delhi Public Library
Hit Counter
free hit counter